[Event "GBR-ch110 Major Open"]
[Site "Hull"]
[Date "2024.07.31"]
[Round "5.3"]
[White "Ther, Mate"]
[Black "Nicholas, Koichi B"]
[Result "1/2-1/2"]
[WhiteElo "2001"]
[BlackElo "2097"]
[PlyCount "67"]
[EventDate "2024.07.27"]
[EventType "swiss"]
[EventRounds "9"]
[EventCountry "GBR"]
[SourceTitle "BritBase"]
[Source "John Saunders"]
[SourceDate "2025.02.20"]
[SourceVersion "1"]
[SourceVersionDate "2025.02.20"]
[SourceQuality "1"]

1. e4 e5 2. Nf3 Nc6 3. Nc3 Nf6 4. Bb5 Nd4 5. Bc4 Bc5 6. O-O d6 7. h3 c6 8. d3 b5 9. Bb3 a5 10. a3 a4 11. Ba2 O-O 12. Nxd4 Bxd4 13. Ne2 Bb6 14. Ng3 Be6 15. Qf3 h6 16. Nf5 Kh7 17. g4 Ng8 18. Qg3 g6 19. Ne3 Bxa2 20. Rxa2 Bxe3 21. fxe3 f5 22. exf5 gxf5 23. Rxf5 Rxf5 24. gxf5 Ra7 25. Kh2 Rg7 26. Qf2 Qg5 27. Bd2 Nf6 28. Ra1 Ng4+ 29. hxg4 Qxg4 30. Be1 Rg5 31. Qg3 Qe2+ 32. Qf2 Qh5+ 33. Qh4 Qe2+ 34. Qf2 1/2-1/2

[Event "GBR-ch110 Major Open"]
[Site "Hull"]
[Date "2024.07.31"]
[Round "5.4"]
[White "Cheng, Louis"]
[Black "Angst, Robin"]
[Result "0-1"]
[WhiteElo "1876"]
[BlackElo "2249"]
[PlyCount "56"]
[EventDate "2024.07.27"]
[EventType "swiss"]
[EventRounds "9"]
[EventCountry "GBR"]
[SourceTitle "BritBase"]
[Source "John Saunders"]
[SourceDate "2025.02.20"]
[SourceVersion "1"]
[SourceVersionDate "2025.02.20"]
[SourceQuality "1"]

1. e4 e5 2. Nf3 d6 3. d4 exd4 4. Nxd4 Nf6 5. Nc3 Be7 6. Bf4 O-O 7. Qd2 d5 8. Ndb5 Bb4 9. O-O-O c6 10. Nc7 Nxe4 11. Qd4 Nxc3 12. bxc3 Ba3+ 13. Kb1 Be6 14. Qa4 Bc5 15. Nxa8 b5 16. Qb3 Na6 17. a4 Qf6 18. Bg3 Bxf2 19. axb5 Nc5 20. Qa3 Ne4 21. Rd3 Rxa8 22. Be2 Bc5 23. Qb2 cxb5 24. Rf1 Qd8 25. Qxb5 Nxg3 26. Qxc5 Nxe2 27. Re3 Rc8 28. Qa3 Qb6+ 0-1

[Event "GBR-ch110 Major Open"]
[Site "Hull"]
[Date "2024.07.31"]
[Round "5.5"]
[White "Adams, Henry"]
[Black "Jaunooby, Ali Reza"]
[Result "0-1"]
[WhiteElo "2000"]
[BlackElo "2145"]
[PlyCount "96"]
[EventDate "2024.07.27"]
[EventType "swiss"]
[EventRounds "9"]
[EventCountry "GBR"]
[SourceTitle "BritBase"]
[Source "John Saunders"]
[SourceDate "2025.02.20"]
[SourceVersion "1"]
[SourceVersionDate "2025.02.20"]
[SourceQuality "1"]

1. d4 Nf6 2. Nf3 e6 3. g3 c5 4. Bg2 Nc6 5. c4 d5 6. O-O Qb6 7. dxc5 Bxc5 8. Nc3 Ne4 9. Nxe4 dxe4 10. Nd2 Bxf2+ 11. Kh1 f5 12. Bxe4 fxe4 13. Nxe4 O-O 14. e3 Ne5 15. Rxf2 Bd7 16. Rxf8+ Rxf8 17. Qd4 Rf1+ 18. Kg2 Rg1+ 19. Kf2 Qxd4 20. exd4 Rxc1 21. Rxc1 Nd3+ 22. Ke3 Nxc1 23. Nc3 e5 24. d5 Bf5 25. g4 Bg6 26. c5 Kf8 27. c6 bxc6 28. dxc6 Ke7 29. Kd2 Nxa2 30. Nxa2 Kd6 31. b4 Kxc6 32. Nc3 h6 33. Ke3 a6 34. Kf3 Bc2 35. Ke3 g5 36. Kd2 Bb3 37. Ke3 Bd5 38. Kf2 Kd6 39. Ke3 Bc6 40. Kf2 e4 41. Ke3 Ke5 42. h3 Bb5 43. Nxe4 Bf1 44. h4 gxh4 45. g5 Bg2 46. Nc5 hxg5 47. Nxa6 h3 48. Kf2 Bb7 0-1

[Event "GBR-ch110 Major Open"]
[Site "Hull"]
[Date "2024.07.31"]
[Round "5.6"]
[White "Bharat Kumar, Balahari"]
[Black "Stoica, Savas Marin"]
[Result "1-0"]
[WhiteElo "1989"]
[BlackElo "2107"]
[PlyCount "69"]
[EventDate "2024.07.27"]
[EventType "swiss"]
[EventRounds "9"]
[EventCountry "GBR"]
[SourceTitle "BritBase"]
[Source "John Saunders"]
[SourceDate "2025.02.20"]
[SourceVersion "1"]
[SourceVersionDate "2025.02.20"]
[SourceQuality "1"]

1. d4 d5 2. c4 e6 3. Nc3 c6 4. e3 Nd7 5. b3 f5 6. Bb2 Bd6 7. g3 Ngf6 8. Bg2 O-O 9. Nf3 b6 10. O-O Bb7 11. Nd2 Qe7 12. Rc1 Ne4 13. Ncxe4 dxe4 14. f3 exf3 15. Bxf3 e5 16. c5 bxc5 17. Nc4 cxd4 18. Na5 Ba6 19. Nxc6 Qg5 20. exd4 e4 21. Be2 Bxg3 22. Bxa6 Bxh2+ 23. Kxh2 Qh4+ 24. Kg2 Rf6 25. Ne7+ Kh8 26. Rxf5 Rxf5 27. Nxf5 Qg5+ 28. Ng3 Nf6 29. Rc8+ Rxc8 30. Bxc8 Nd5 31. Bc1 e3 32. Qg4 Nf4+ 33. Kg1 e2 34. Qxg5 e1=Q+ 35. Nf1 1-0

[Event "GBR-ch110 Major Open"]
[Site "Hull"]
[Date "2024.07.31"]
[Round "5.7"]
[White "Harborne, Matthew J"]
[Black "Crawford, Owen"]
[Result "1/2-1/2"]
[WhiteElo "2103"]
[BlackElo "2010"]
[PlyCount "92"]
[EventDate "2024.07.27"]
[EventType "swiss"]
[EventRounds "9"]
[EventCountry "GBR"]
[SourceTitle "BritBase"]
[Source "John Saunders"]
[SourceDate "2025.02.20"]
[SourceVersion "1"]
[SourceVersionDate "2025.02.20"]
[SourceQuality "1"]

1. e4 e5 2. Nf3 Nc6 3. Bb5 a6 4. Ba4 Nge7 5. O-O Ng6 6. c3 d5 7. exd5 Qxd5 8. d4 Bg4 9. dxe5 O-O-O 10. Qxd5 Rxd5 11. Bxc6 bxc6 12. Nbd2 Bh5 13. e6 fxe6 14. Nd4 Kd7 15. Re1 Nf4 16. N2f3 Nd3 17. Re3 c5 18. Rxd3 cxd4 19. Rxd4 Bxf3 20. gxf3 c5 21. Ra4 Bd6 22. Be3 Ra8 23. Rh4 h5 24. Kf1 Be7 25. Rc4 Ke8 26. Re1 Kf7 27. Bf4 Bf6 28. Rce4 Re8 29. Be5 Re7 30. f4 Rb7 31. b3 Rb6 32. Ke2 Kg6 33. c4 Rd7 34. Rd1 Rxd1 35. Kxd1 Kf5 36. Re3 Rb7 37. Kc2 a5 38. a3 Rd7 39. Re1 Rb7 40. Re3 Rd7 41. Bc3 Ra7 42. Bd2 Bd4 43. Rg3 Bf6 44. h3 g6 45. Bc3 Bh4 46. Rf3 Ra6 1/2-1/2

[Event "GBR-ch110 Major Open"]
[Site "Hull"]
[Date "2024.07.31"]
[Round "5.8"]
[White "Diniz Afonso, Davi"]
[Black "Liu, Jack"]
[Result "0-1"]
[WhiteElo "1840"]
[BlackElo "2098"]
[PlyCount "106"]
[EventDate "2024.07.27"]
[EventType "swiss"]
[EventRounds "9"]
[EventCountry "GBR"]
[SourceTitle "BritBase"]
[Source "John Saunders"]
[SourceDate "2025.02.20"]
[SourceVersion "1"]
[SourceVersionDate "2025.02.20"]
[SourceQuality "1"]

1. e4 c5 2. c3 d5 3. exd5 Qxd5 4. Nf3 Nf6 5. Na3 e6 6. Be2 Nc6 7. O-O Be7 8. Nb5 Qd8 9. d4 a6 10. Na3 cxd4 11. cxd4 O-O 12. Nc4 b5 13. Nce5 Bb7 14. a3 Rc8 15. Bd3 Qd5 16. Re1 Nxd4 17. Bxh7+ Nxh7 18. Qxd4 Qxd4 19. Nxd4 Rfd8 20. Ndf3 Nf8 21. Ng4 f6 22. Ne3 Kf7 23. b4 Nd7 24. Bb2 Nb6 25. Red1 Nd5 26. Nxd5 Bxd5 27. Rac1 Bd6 28. Rxc8 Rxc8 29. Rc1 Rh8 30. Rd1 Ke7 31. Rd3 Bxf3 32. Rxf3 Bxh2+ 33. Kf1 Bd6 34. Ke2 Rh1 35. Kd2 e5 36. g3 Rh2 37. Ke2 Rh1 38. Rd3 Ke6 39. Rd2 Rh8 40. Rc2 Kd7 41. Ke3 Rh1 42. Rd2 Re1+ 43. Re2 Rxe2+ 44. Kxe2 Ke6 45. f3 Kd5 46. Kd3 f5 47. f4 e4+ 48. Kc2 g6 49. Bc3 Kc4 50. Be1 Be7 51. Bf2 Bf6 52. Be3 Bd4 53. Bd2 Bf2 0-1

[Event "GBR-ch110 Major Open"]
[Site "Hull"]
[Date "2024.07.31"]
[Round "5.9"]
[White "Kumar, Sanjit S"]
[Black "Pousada Garcia, Daniel"]
[Result "1-0"]
[WhiteElo "1942"]
[BlackElo "2084"]
[PlyCount "53"]
[EventDate "2024.07.27"]
[EventType "swiss"]
[EventRounds "9"]
[EventCountry "GBR"]
[SourceTitle "BritBase"]
[Source "John Saunders"]
[SourceDate "2025.02.20"]
[SourceVersion "1"]
[SourceVersionDate "2025.02.20"]
[SourceQuality "1"]

1. d4 Nf6 2. c4 e6 3. Nc3 d5 4. cxd5 exd5 5. Bg5 Be7 6. e3 c6 7. Bd3 O-O 8. Qc2 h6 9. Bh4 Re8 10. Nge2 Ne4 11. Bxe7 Qxe7 12. Bxe4 dxe4 13. Ng3 f5 14. O-O Be6 15. f3 Bc4 16. Rf2 f4 17. Ncxe4 Bxa2 18. Nf5 Qe6 19. Nc5 Qc4 20. Qxc4+ Bxc4 21. Nd6 Na6 22. Nxc4 fxe3 23. Re2 Nb4 24. Ne4 Rad8 25. Nxe3 Rxd4 26. Nc2 Rexe4 27. fxe4 1-0

[Event "GBR-ch110 Major Open"]
[Site "Hull"]
[Date "2024.07.31"]
[Round "5.10"]
[White "Cancedda-Dupuis, Livio"]
[Black "Roberts, David L"]
[Result "0-1"]
[WhiteElo "2041"]
[BlackElo "1963"]
[PlyCount "120"]
[EventDate "2024.07.27"]
[EventType "swiss"]
[EventRounds "9"]
[EventCountry "GBR"]
[SourceTitle "BritBase"]
[Source "John Saunders"]
[SourceDate "2025.02.20"]
[SourceVersion "1"]
[SourceVersionDate "2025.02.20"]
[SourceQuality "1"]

1. e4 d5 2. exd5 Nf6 3. d4 Nxd5 4. c4 Nb6 5. Nc3 e5 6. dxe5 Qxd1+ 7. Kxd1 Nc6 8. Nb5 Bg4+ 9. f3 O-O-O+ 10. Ke1 Bb4+ 11. Kf2 Be6 12. Ne2 Nxe5 13. Nf4 Bc5+ 14. Be3 Rd2+ 15. Be2 Bxe3+ 16. Kxe3 Nbxc4+ 17. Kf2 Nxb2 18. Nxe6 fxe6 19. Rhc1 Nbd3+ 20. Ke3 Rxe2+ 21. Kxe2 Nxc1+ 22. Rxc1 Nc6 23. Ke3 Rd8 24. Nc3 Ne7 25. Ne4 Nd5+ 26. Kf2 Nf6 27. Ng5 Rd6 28. Rc2 Kd7 29. Re2 Ra6 30. h4 h6 31. Nf7 Nd5 32. Rb2 Rb6 33. Ne5+ Ke7 34. Rc2 Rb1 35. g4 Rf1+ 36. Kg3 Rg1+ 37. Kh2 Re1 38. Nc4 b6 39. Kg3 c5 40. a4 Ne3 41. Nxe3 Rxe3 42. a5 Ra3 43. axb6 axb6 44. Rb2 Ra6 45. Kf4 Kd6 46. Rd2+ Kc7 47. Rb2 Ra3 48. Re2 c4 49. Rxe6 c3 50. Ke3 c2+ 51. Kd2 Rc3 52. Re1 c1=Q+ 53. Rxc1 Rxc1 54. Kxc1 Kd6 55. Kd2 Ke5 56. Ke3 g5 57. hxg5 hxg5 58. f4+ gxf4+ 59. Kf3 b5 60. g5 b4 0-1

[Event "GBR-ch110 Major Open"]
[Site "Hull"]
[Date "2024.07.31"]
[Round "5.11"]
[White "Shaw, Peter"]
[Black "Dishman, Matthew"]
[Result "1/2-1/2"]
[WhiteElo "2041"]
[BlackElo "1936"]
[PlyCount "62"]
[EventDate "2024.07.27"]
[EventType "swiss"]
[EventRounds "9"]
[EventCountry "GBR"]
[SourceTitle "BritBase"]
[Source "John Saunders"]
[SourceDate "2025.02.20"]
[SourceVersion "1"]
[SourceVersionDate "2025.02.20"]
[SourceQuality "1"]

1. d4 d5 2. c4 e6 3. Nc3 c6 4. e3 f5 5. Bd3 Nf6 6. Qc2 Bd6 7. Nh3 O-O 8. O-O Ne4 9. f3 Nxc3 10. bxc3 Nd7 11. Bd2 dxc4 12. Bxc4 Nb6 13. Bb3 c5 14. dxc5 Bxc5 15. Kh1 Kh8 16. e4 e5 17. Rad1 Qe8 18. Nf2 Bxf2 19. Rxf2 f4 20. c4 Be6 21. Bb4 Rf6 22. Rfd2 Bxc4 23. Bxc4 Rc6 24. Bb5 Rxc2 25. Bxe8 Rxd2 26. Rxd2 Rxe8 27. Bc5 h6 28. Bxb6 axb6 29. Rd7 Ra8 30. Rd2 Ra3 31. h3 Kg8 1/2-1/2

[Event "GBR-ch110 Major Open"]
[Site "Hull"]
[Date "2024.07.31"]
[Round "5.12"]
[White "Pelling, Kyle"]
[Black "Pert, Max P"]
[Result "0-1"]
[WhiteElo "1911"]
[BlackElo "2034"]
[PlyCount "58"]
[EventDate "2024.07.27"]
[EventType "swiss"]
[EventRounds "9"]
[EventCountry "GBR"]
[SourceTitle "BritBase"]
[Source "John Saunders"]
[SourceDate "2025.02.20"]
[SourceVersion "1"]
[SourceVersionDate "2025.02.20"]
[SourceQuality "1"]

1. e4 g6 2. d4 Bg7 3. Nc3 c6 4. f4 d5 5. e5 Nh6 6. Nf3 Bg4 7. h3 Bxf3 8. Qxf3 Nf5 9. Ne2 Qb6 10. c3 e6 11. g4 Ne7 12. Ng3 f5 13. gxf5 exf5 14. Bd3 Nd7 15. Rg1 O-O 16. h4 Rae8 17. Qf2 c5 18. Be3 Nc6 19. dxc5 Qa5 20. b4 Qa3 21. Bd4 Ndxe5 22. fxe5 Bxe5 23. Kd2 Qb2+ 24. Bc2 Bxd4 25. cxd4 Nxd4 26. Rac1 f4 27. Nf1 Re2+ 28. Qxe2 Nxe2 29. Kxe2 Qxc1 0-1

[Event "GBR-ch110 Major Open"]
[Site "Hull"]
[Date "2024.07.31"]
[Round "5.13"]
[White "Chan, Sheng Liang Bernard"]
[Black "Vashisht-Pigem, Raman"]
[Result "1/2-1/2"]
[WhiteElo "2096"]
[BlackElo "1863"]
[PlyCount "102"]
[EventDate "2024.07.27"]
[EventType "swiss"]
[EventRounds "9"]
[EventCountry "GBR"]
[SourceTitle "BritBase"]
[Source "John Saunders"]
[SourceDate "2025.02.20"]
[SourceVersion "1"]
[SourceVersionDate "2025.02.20"]
[SourceQuality "1"]

1. d4 e6 2. Nf3 Nf6 3. c4 b6 4. g3 Bb7 5. Bg2 Bb4+ 6. Bd2 Be7 7. O-O c6 8. Nc3 d5 9. cxd5 cxd5 10. Bf4 O-O 11. Ne5 Nc6 12. Qa4 Nxe5 13. Bxe5 Qd7 14. Qb3 Ne8 15. Rfc1 Nd6 16. Bxd6 Bxd6 17. Nb5 Ba6 18. a4 Rac8 19. e3 Rxc1+ 20. Rxc1 Rc8 21. Rxc8+ Qxc8 22. Qc3 Qxc3 23. bxc3 Bxb5 24. axb5 Ba3 25. Bf1 Kf8 26. Bd3 Bb2 27. c4 dxc4 28. Bxc4 Ke7 29. Kf1 Kd6 30. Ke2 f6 31. Kd3 Ba3 32. h4 Bb4 33. g4 h6 34. h5 e5 35. dxe5+ Kxe5 36. f4+ Kd6 37. Ke4 Bd2 38. Bf1 Bc1 39. Kf3 Kd5 40. Bd3 Bd2 41. Be2 Bc1 42. Bf1 Kc5 43. Ke4 Bd2 44. Kf3 Bc1 45. Bd3 Bd2 46. Bf1 Bc1 47. Bd3 Bd2 48. e4 Kd4 49. Bf1 Bc1 50. Be2 Bd2 51. Bf1 Bc1 1/2-1/2

[Event "GBR-ch110 Major Open"]
[Site "Hull"]
[Date "2024.07.31"]
[Round "5.14"]
[White "Eames, Robert S"]
[Black "Izod, Chris"]
[Result "1-0"]
[WhiteElo "2148"]
[BlackElo "1924"]
[PlyCount "151"]
[EventDate "2024.07.27"]
[EventType "swiss"]
[EventRounds "9"]
[EventCountry "GBR"]
[SourceTitle "BritBase"]
[Source "John Saunders"]
[SourceDate "2025.02.20"]
[SourceVersion "1"]
[SourceVersionDate "2025.02.20"]
[SourceQuality "1"]

1. e4 e6 2. d4 d5 3. e5 c5 4. c3 Nc6 5. Nf3 Nge7 6. Na3 cxd4 7. cxd4 Nf5 8. Nc2 Qb6 9. Bd3 Bd7 10. O-O a5 11. Be2 Rc8 12. g4 Nh6 13. h3 Nb4 14. Ne3 Bb5 15. a3 Bxe2 16. Qxe2 Nc6 17. Qd3 Be7 18. b3 Ng8 19. Bb2 h5 20. g5 g6 21. h4 Bf8 22. Rfc1 Nge7 23. Ne1 Bg7 24. N1g2 Kd7 25. Nf4 Na7 26. a4 Rxc1+ 27. Rxc1 Rc8 28. Rxc8 Naxc8 29. Ba3 Ke8 30. Bc5 Qc6 31. Ne2 Bf8 32. Nc3 b6 33. Ba3 Na7 34. b4 axb4 35. Bxb4 Nf5 36. Bxf8 Nxe3 37. fxe3 Kxf8 38. Kf2 Nc8 39. Nb5 Qc1 40. Qc3 Qxc3 41. Nxc3 Ke7 42. e4 dxe4 43. Nxe4 Kd8 44. Ke2 Kc7 45. Kd3 Ne7 46. Nd6 Nf5 47. Nxf7 Nxh4 48. Nh8 Kd7 49. Ke4 Kc6 50. Nf7 Nf5 51. Nh6 Ne7 52. Nf7 Nf5 53. Nh6 h4 54. Ng4 Ng3+ 55. Ke3 Kd5 56. Nf6+ Kc4 57. Kf3 Nf5 58. Nd7 Kxd4 59. Nxb6 Kc5 60. Nd7+ Kb4 61. Nf8 Kxa4 62. Nxg6 Kb5 63. Kg4 Kc6 64. Nxh4 Ng7 65. g6 Kd5 66. Kf4 Kd4 67. Nf3+ Kd3 68. Kg5 Ke4 69. Kf6 Nh5+ 70. Kxe6 Kxf3 71. Kf7 Ke4 72. e6 Kf5 73. e7 Nf6 74. g7 Kg5 75. g8=Q+ Nxg8 76. Kxg8 1-0

[Event "GBR-ch110 Major Open"]
[Site "Hull"]
[Date "2024.07.31"]
[Round "5.15"]
[White "Angst, Oliver"]
[Black "Leung, Hao Ran"]
[Result "1/2-1/2"]
[WhiteElo "2068"]
[BlackElo "1910"]
[PlyCount "117"]
[EventDate "2024.07.27"]
[EventType "swiss"]
[EventRounds "9"]
[EventCountry "GBR"]
[SourceTitle "BritBase"]
[Source "John Saunders"]
[SourceDate "2025.02.20"]
[SourceVersion "1"]
[SourceVersionDate "2025.02.20"]
[SourceQuality "1"]

1. b3 d5 2. Bb2 c5 3. e3 Nc6 4. Bb5 Bd7 5. f4 Nf6 6. Nf3 e6 7. O-O Qb6 8. Bxc6 Bxc6 9. Ne5 Bd6 10. d3 Qc7 11. Nd2 O-O-O 12. Ndf3 Rhg8 13. Qe1 Be8 14. c4 dxc4 15. Nxc4 Nd5 16. Nxd6+ Qxd6 17. Rc1 f6 18. Ba3 Kb8 19. Bxc5 Qa6 20. Nd4 Bf7 21. Rc4 Nb6 22. Rb4 Rd5 23. Bxb6 axb6 24. Qe2 Rgd8 25. a4 Bg6 26. f5 Bxf5 27. Nxf5 exf5 28. Rc4 Rxd3 29. Rb4 R8d5 30. Rb5 Rxb3 31. Qh5 Rbxb5 32. axb5 Qxb5 33. Qxh7 Qd7 34. Qg8+ Ka7 35. Ra1+ Ra5 36. Rf1 Qe7 37. Kh1 g5 38. Qh8 Qxe3 39. Qxf6 g4 40. Rb1 f4 41. Rf1 Ra2 42. Ra1 Qe2 43. Rxa2+ Qxa2 44. Kg1 g3 45. hxg3 fxg3 46. Qf1 Qb2 47. Qe1 Qd4+ 48. Kf1 b5 49. Qe3 Qb6 50. Qa3+ Qa6 51. Qe3+ b6 52. Qe7+ Qb7 53. Qa3+ Kb8 54. Qxg3+ Ka7 55. Qa3+ Kb8 56. Qf8+ Ka7 57. Qa3+ Kb8 58. Qf8+ Ka7 59. Qa3+ 1/2-1/2

[Event "GBR-ch110 Major Open"]
[Site "Hull"]
[Date "2024.07.31"]
[Round "5.16"]
[White "Kueh, Audrey"]
[Black "Lee, Alexandre Km"]
[Result "1/2-1/2"]
[WhiteElo "2058"]
[BlackElo "1858"]
[PlyCount "70"]
[EventDate "2024.07.27"]
[EventType "swiss"]
[EventRounds "9"]
[EventCountry "GBR"]
[SourceTitle "BritBase"]
[Source "John Saunders"]
[SourceDate "2025.02.20"]
[SourceVersion "1"]
[SourceVersionDate "2025.02.20"]
[SourceQuality "1"]

1. e4 e6 2. d4 d5 3. Nd2 Nf6 4. e5 Nfd7 5. Bd3 c5 6. c3 Nc6 7. Ne2 cxd4 8. cxd4 f6 9. exf6 Nxf6 10. Nf3 Qc7 11. O-O Bd6 12. Bg5 O-O 13. Rc1 Bd7 14. Bb1 Nh5 15. Ng3 Nxg3 16. hxg3 Be8 17. Re1 Qd7 18. Qe2 Bf7 19. Qe3 Rae8 20. Bf4 Ne7 21. Ne5 Bxe5 22. Bxe5 Nc6 23. g4 Rc8 24. Qh3 Bg6 25. Bxg6 hxg6 26. Rc3 Nxe5 27. Rxe5 Rxc3 28. Qxc3 Rc8 29. Qe3 Rc6 30. Qg5 Qf7 31. Qd8+ Qf8 32. Qxf8+ Kxf8 33. Re2 Rc1+ 34. Kh2 Ke7 35. Rd2 g5 1/2-1/2

[Event "GBR-ch110 Major Open"]
[Site "Hull"]
[Date "2024.07.31"]
[Round "5.17"]
[White "Howell, Oliver W"]
[Black "Honey, Luke"]
[Result "1/2-1/2"]
[WhiteElo "1910"]
[BlackElo "2041"]
[PlyCount "109"]
[EventDate "2024.07.27"]
[EventType "swiss"]
[EventRounds "9"]
[EventCountry "GBR"]
[SourceTitle "BritBase"]
[Source "John Saunders"]
[SourceDate "2025.02.20"]
[SourceVersion "1"]
[SourceVersionDate "2025.02.20"]
[SourceQuality "1"]

1. d4 d5 2. Nf3 Nf6 3. Bg5 Ne4 4. Bf4 c5 5. e3 Nc6 6. c3 Qb6 7. Qb3 c4 8. Qxb6 axb6 9. Nbd2 Bf5 10. Ne5 e6 11. g4 Nxd2 12. Kxd2 Be4 13. Rg1 b5 14. Bg2 Bxg2 15. Rxg2 b4 16. g5 Be7 17. Nxc6 bxc6 18. Be5 O-O 19. h4 Ra6 20. cxb4 Bxb4+ 21. Kc2 Rfa8 22. a3 Bf8 23. h5 Rb6 24. Bf4 Rb3 25. Rgg1 Be7 26. Rg3 Kf8 27. Rgg1 Ra7 28. Ra2 Rab7 29. a4 R3b6 30. Rga1 Ra6 31. Rb1 Rb3 32. a5 Bd8 33. Ra3 Rb5 34. b4 cxb3+ 35. Rbxb3 Raxa5 36. Rxb5 cxb5 37. Rc3 Ra4 38. Kb2 Rc4 39. Ra3 Ke8 40. Ra8 Rc6 41. g6 hxg6 42. hxg6 f6 43. Ra7 Be7 44. Bh6 Bf8 45. Ra8+ Ke7 46. Bf4 Rc4 47. Kb3 Ra4 48. Rb8 Ra7 49. Kb4 Ra1 50. Kc5 Rc1+ 51. Kb6 Rg1 52. Bg3 b4 53. Rb7+ Ke8 54. Rb8+ Ke7 55. Rb7+ 1/2-1/2

[Event "GBR-ch110 Major Open"]
[Site "Hull"]
[Date "2024.07.31"]
[Round "5.18"]
[White "Lewis, Christopher D"]
[Black "Ashworth, Michael J"]
[Result "0-1"]
[WhiteElo "1885"]
[BlackElo "2013"]
[PlyCount "92"]
[EventDate "2024.07.27"]
[EventType "swiss"]
[EventRounds "9"]
[EventCountry "GBR"]
[SourceTitle "BritBase"]
[Source "John Saunders"]
[SourceDate "2025.02.20"]
[SourceVersion "1"]
[SourceVersionDate "2025.02.20"]
[SourceQuality "1"]

1. e4 c5 2. Nf3 g6 3. d4 cxd4 4. Nxd4 Nc6 5. c4 Nf6 6. Nc3 d6 7. Be2 Nxd4 8. Qxd4 Bg7 9. Be3 O-O 10. Qd2 a5 11. Rb1 a4 12. O-O Qa5 13. Rfc1 Be6 14. b4 axb3 15. axb3 Qb4 16. Bf3 Rfc8 17. Nd5 Qxd2 18. Bxd2 Bxd5 19. cxd5 Nd7 20. Rxc8+ Rxc8 21. Rc1 Rxc1+ 22. Bxc1 Bd4 23. Bd2 Nc5 24. Kf1 Nxb3 25. Ke2 Bxf2 26. Bg5 Bg1 27. Kd3 f6 28. Bh6 Nc5+ 29. Kc4 Bxh2 30. Be3 Nd7 31. Kb5 h5 32. Be2 Kf7 33. g4 h4 34. g5 Ne5 35. Kb6 Bg3 36. gxf6 Kxf6 37. Bd4 g5 38. Kxb7 h3 39. Kc8 h2 40. Bf3 g4 41. Bg2 Kg5 42. Kd8 Ng6 43. Be3+ Bf4 44. Bf2 g3 45. Be1 Nh4 46. Bh1 Kg4 0-1

[Event "GBR-ch110 Major Open"]
[Site "Hull"]
[Date "2024.07.31"]
[Round "5.19"]
[White "Yu, Rock"]
[Black "Sefton, Adam"]
[Result "0-1"]
[WhiteElo "2001"]
[BlackElo "1908"]
[PlyCount "64"]
[EventDate "2024.07.27"]
[EventType "swiss"]
[EventRounds "9"]
[EventCountry "GBR"]
[SourceTitle "BritBase"]
[Source "John Saunders"]
[SourceDate "2025.02.20"]
[SourceVersion "1"]
[SourceVersionDate "2025.02.20"]
[SourceQuality "1"]

1. c4 e5 2. g3 Nf6 3. Bg2 Nc6 4. Nc3 Bb4 5. Nd5 Bc5 6. e3 d6 7. Ne2 Bg4 8. h3 Bxe2 9. Qxe2 O-O 10. O-O a5 11. d3 Re8 12. Bd2 a4 13. Rab1 Rb8 14. Qd1 Ra8 15. Bc3 Nxd5 16. Bxd5 Qd7 17. Bg2 Bb6 18. Qd2 Nd8 19. d4 e4 20. f3 Qe6 21. d5 Qg6 22. fxe4 Qxg3 23. Rf3 Qg6 24. Rf4 f6 25. Bxf6 Nf7 26. Bd4 Ng5 27. Kh2 Nxe4 28. Bxe4 Rxe4 29. Rg1 Rxd4 30. exd4 Qh6 31. Rf8+ Kxf8 32. Rf1+ Kg8 0-1

[Event "GBR-ch110 Major Open"]
[Site "Hull"]
[Date "2024.07.31"]
[Round "5.20"]
[White "Schell, Finn"]
[Black "Vaidyanathan, Adithya"]
[Result "0-1"]
[WhiteElo "1887"]
[BlackElo "1985"]
[PlyCount "109"]
[EventDate "2024.07.27"]
[EventType "swiss"]
[EventRounds "9"]
[EventCountry "GBR"]
[SourceTitle "BritBase"]
[Source "John Saunders"]
[SourceDate "2025.02.20"]
[SourceVersion "1"]
[SourceVersionDate "2025.02.20"]
[SourceQuality "1"]

1. e4 c5 2. Nf3 Nc6 3. Bb5 g6 4. O-O Bg7 5. Re1 Nf6 6. c3 O-O 7. d4 d5 8. e5 Ne4 9. Be3 cxd4 10. cxd4 Qb6 11. Bxc6 Qxc6 12. Nfd2 Nxd2 13. Qxd2 Bf5 14. Nc3 Rfc8 15. Rac1 Qd7 16. b3 b5 17. Ne2 Qb7 18. Qa5 f6 19. f4 Bd3 20. Nc3 a6 21. Red1 Bf5 22. h3 Rc7 23. exf6 exf6 24. g4 Be6 25. Bf2 Rac8 26. Ne2 Rc2 27. Rxc2 Rxc2 28. Nc1 Qc8 29. Qe1 h5 30. Nd3 hxg4 31. Rc1 Rxc1 32. Qxc1 Qxc1+ 33. Nxc1 gxh3 34. Nd3 Bf8 35. Be1 g5 36. fxg5 fxg5 37. Nb4 a5 38. Nd3 b4 39. Bd2 g4 40. Bf4 Bg7 41. Ne5 Bf5 42. Kf2 Bb1 43. Nc6 Bxa2 44. Nxa5 Bxd4+ 45. Kg3 Bg1 46. Nc6 Bxb3 47. Kxg4 h2 48. Bxh2 Bxh2 49. Nxb4 Bd6 50. Nd3 Bc4 51. Ne1 Kf7 52. Kf3 Ke6 53. Nc2 Bc5 54. Kf4 d4 55. Ne1 0-1

[Event "GBR-ch110 Major Open"]
[Site "Hull"]
[Date "2024.07.31"]
[Round "5.21"]
[White "Pert, Nina P"]
[Black "Rich, Aaron"]
[Result "1-0"]
[WhiteElo "1966"]
[BlackElo "1799"]
[PlyCount "123"]
[EventDate "2024.07.27"]
[EventType "swiss"]
[EventRounds "9"]
[EventCountry "GBR"]
[SourceTitle "BritBase"]
[Source "John Saunders"]
[SourceDate "2025.02.20"]
[SourceVersion "1"]
[SourceVersionDate "2025.02.20"]
[SourceQuality "1"]

1. e4 c5 2. Nf3 Nc6 3. Nc3 g6 4. d4 cxd4 5. Nxd4 Bg7 6. Be3 Nf6 7. Nxc6 bxc6 8. e5 Ng8 9. Bd4 Nh6 10. e6 O-O 11. Bxg7 Kxg7 12. exd7 Qxd7 13. Qxd7 Bxd7 14. O-O-O Be6 15. h3 Rfd8 16. Ba6 Rab8 17. g4 Ng8 18. g5 Rxd1+ 19. Nxd1 h6 20. h4 Bd5 21. Rh3 Rb4 22. Be2 Be6 23. Rh2 Ra4 24. a3 Ra5 25. f4 Ra4 26. Rf2 h5 27. Bd3 Bg4 28. Ne3 Rd4 29. Kd2 Bc8 30. c3 Rd8 31. Kc2 e6 32. b4 Ne7 33. c4 Bb7 34. Kc3 Nc8 35. Bc2 Kf8 36. Re2 Nb6 37. Be4 Rd7 38. Rd2 Ke7 39. Rxd7+ Kxd7 40. Kd4 Ba6 41. Bc2 Kc7 42. Bd1 Kd8 43. a4 Nd7 44. c5 Kc7 45. Bf3 Nb8 46. f5 exf5 47. Nxf5 gxf5 48. Bxh5 Kd7 49. Bxf7 Be2 50. g6 Ke7 51. Ke5 Bg4 52. Be6 Bh5 53. g7 Bf7 54. g8=Q Bxg8 55. Bxg8 Na6 56. h5 Nxb4 57. Bc4 Nc2 58. h6 Kf8 59. Kf6 Ne3 60. h7 Ng4+ 61. Kg6 Ne5+ 62. Kxf5 1-0